00605nam a22002057a 450000500170000001000130001702000220003003500130005203700160006504000120008108200150009310000180010824500780012626000490020427000450025330000230029850000520032165000080037365000180038120170124110232.0 aA-493557 c00.00a8171003613 aA-493557 bCen Lib/Ret aDPLbEN a347.7bSUR aSurendra Nath aShareholders' right and protection under company law /cby Surendra Nath  aNew DelhibDeep and deep publications c1997 bNew DelhiaF-159, Rajouri gardene110027 axv,484p.c22cm(Hb) aIncludes bibliograpahical references and index  aLaw aHuman rights